<?xml version="1.0" encoding="UTF-8"?>
<record
    xmlns:xsi="http://www.w3.org/2001/XMLSchema-instance"
    xsi:schemaLocation="http://www.loc.gov/MARC21/slim http://www.loc.gov/standards/marcxml/schema/MARC21slim.xsd"
    xmlns="http://www.loc.gov/MARC21/slim">

  <leader>04212    a2200229   4500</leader>
  <controlfield tag="001">4081</controlfield>
  <controlfield tag="005">20260407155431.0</controlfield>
  <controlfield tag="008">260407a2010    arg                 spa d</controlfield>
  <controlfield tag="003">AR-UNSa-BCEJYS</controlfield>
  <datafield tag="040" ind1=" " ind2=" ">
    <subfield code="a">AR-UNSa-BCEJYS</subfield>
    <subfield code="b">spa</subfield>
    <subfield code="c">AR-UNSa-BCEJYS</subfield>
  </datafield>
  <datafield tag="080" ind1=" " ind2=" ">
    <subfield code="a">35.077.3</subfield>
    <subfield code="x">Procedimiento administrativo (licitaci&#xF3;n p&#xFA;blica...)
</subfield>
  </datafield>
  <datafield tag="245" ind1="1" ind2="0">
    <subfield code="a">Procedimiento administrativo</subfield>
  </datafield>
  <datafield tag="020" ind1=" " ind2=" ">
    <subfield code="a">978-950-20-2005-1</subfield>
  </datafield>
  <datafield tag="264" ind1=" " ind2="1">
    <subfield code="a">Buenos Aires :</subfield>
    <subfield code="b">Abeledo Perrot</subfield>
    <subfield code="c">2010</subfield>
  </datafield>
  <datafield tag="300" ind1=" " ind2=" ">
    <subfield code="a">xxvii, 617 p.</subfield>
    <subfield code="c">24 cm.</subfield>
  </datafield>
  <datafield tag="505" ind1=" " ind2=" ">
    <subfield code="a">1. El procedimiento administrativo como instrumento de control de la administraci&#xF3;n y garant&#xED;a de los administrados - 2. Naturaleza de procedimiento administrativo e individual de los actos que lo componen.Su relaci&#xF3;n con la funci&#xF3;n administrativa - 3. Procedimineto y proceso administrativo - 4. Clasificaci&#xF3;n de los procedimientos administrativos.Procedimientos generales y procedimientos especiales.Otras clasificaciones - 5. La regulaci&#xF3;n del procedimiento administrativo.&#xC1;mbito de aplicaci&#xF3;n de las leyes de procedimiento nacional y provinciales(objetivo y subjetivo) - 6. El agotamiento de la v&#xED;a administrativa - 7. Importancia de los principios generales del procedimiento administrativo.Diferencias con los principios que rigen los procesos administrativos y civil.La cuesti&#xF3;n de la reformativo in pejus - 8. El principio de legitimidad en el procedimiento administrativo - 9. El principio de oficialidad en el procedimiento administrativo - 10. El principio de verdad material en el procedimiento administrativo - 11. El informalismo en favor del administrado - 12. El debido proceso adjetivo.La llamada teor&#xED;a de la subsanaci&#xF3;n - 13. El principio de colaboraci&#xF3;n en el procedimiento administrativo - 14. E principio de gratuidad en el procedimiento administrativo - 15. Los principios de eficiecia, celeridad,econom&#xED;a y sencillez - 16. El expediente administrativo - 17. El &#xF3;rgano competente.Competencia y capacidad.Conflictos interorg&#xE1;nicos e interadministrativos.deberes y facultades del &#xF3;rgano - 18. La recusaci&#xF3;n y la excusaci&#xF3;n de los funcionarios intervinientes - 19. Las partes en el procedimiento administrativo - 20. La representaci&#xF3;n de las partes en el procedimiento administrativo - 21. Los escritos.Formalidades.Recaudos.Su funcionamiento en el procedimiento administrativo - 22. Los plazos en el procedimiento administrativo - 23. El acceso a las actuaciones administrativas.La vista en el procedimiento administrativo - 24. La publicaci&#xF3;n de los actos estatales:notificaci&#xF3;n y publicaci&#xF3;n - 25. La prueba en el procedimiento administrativo.El alegato - 26. La conclusi&#xF3;n normal y anormal del procedimiento administrativo.La caducidad,el desistimiento y la renuncia - 27. La suspens&#xF3;n de los efectos del acto administrativo:Medida cautelar por excelencia del procedimiento administrativo - 28. El procedimiento administrativo en la pr&#xE1;ctica.Principales cuestiones que se plantean - 29. Lineamientos generales del sistema de impugnaci&#xF3;n en sede administrativa - 30. El recurso de reconsideraci&#xF3;n - 31. El recurso jer&#xE1;rquico - 32 . El recurso de alzada - 33. La denuncia de ilegitimidad - 34. El recurso de revisi&#xF3;n - 35. Queja, aclaratoria y rectificaci&#xF3;n de errores materiales - 36. El reclamo administrativo impropio - 37. El reclamo administrativo previo - 38. El procedimiento de audiencia p&#xFA;blica - 39. Los procedimientos de elaboraci&#xF3;n participativa de normas - 40. El procedimiento administrativo sancionador - 41. El procedimiento administrativo disciplinario - 42. El procedimiento administrativo en los entes reguladores de los servicios p&#xFA;blicos - 43. El procedimiento administrativo ante los organismos nacionales de defensa del consumidor - 44. El procedimiento administrativo ante la AFIP - 45. El procedimiento de resoluci&#xF3;n de controversias interadministrativas - 46. El procedimiento administrativo en el &#xE1;mbito provincial y de la ciudad aut&#xF3;noma de Buenos Aires             </subfield>
  </datafield>
  <datafield tag="041" ind1=" " ind2=" ">
    <subfield code="a">spa</subfield>
  </datafield>
  <datafield tag="942" ind1=" " ind2=" ">
    <subfield code="c">BK</subfield>
  </datafield>
  <datafield tag="590" ind1=" " ind2=" ">
    <subfield code="a">niveau_biblio:m niveau_hierar:0</subfield>
  </datafield>
  <datafield tag="100" ind1="1" ind2=" ">
    <subfield code="a">Tawil, Guido Santiago</subfield>
  </datafield>
  <datafield tag="856" ind1="4" ind2="1">
    <subfield code="u">https://biblioeco.unsa.edu.ar/pmb/images/libros/Procedimiento adminstrativo-l118396.jpg</subfield>
    <subfield code="y">Imagen de portada</subfield>
    <subfield code="q">image/jpeg</subfield>
  </datafield>
  <datafield tag="999" ind1=" " ind2=" ">
    <subfield code="c">387</subfield>
    <subfield code="d">387</subfield>
  </datafield>
  <datafield tag="952" ind1=" " ind2=" ">
    <subfield code="0">0</subfield>
    <subfield code="1">0</subfield>
    <subfield code="4">0</subfield>
    <subfield code="7">0</subfield>
    <subfield code="a">BCEJYS</subfield>
    <subfield code="b">BCEJYS</subfield>
    <subfield code="c">16</subfield>
    <subfield code="d">2026-04-07</subfield>
    <subfield code="l">0</subfield>
    <subfield code="o">35.077.3 T111</subfield>
    <subfield code="p">L118397</subfield>
    <subfield code="r">2026-04-07 15:54:31</subfield>
    <subfield code="w">2026-04-07</subfield>
    <subfield code="y">L</subfield>
  </datafield>
  <datafield tag="952" ind1=" " ind2=" ">
    <subfield code="0">0</subfield>
    <subfield code="1">0</subfield>
    <subfield code="4">0</subfield>
    <subfield code="7">0</subfield>
    <subfield code="a">BCEJYS</subfield>
    <subfield code="b">BCEJYS</subfield>
    <subfield code="c">16</subfield>
    <subfield code="d">2026-04-07</subfield>
    <subfield code="l">0</subfield>
    <subfield code="o">35.077.3 T111</subfield>
    <subfield code="p">L118396</subfield>
    <subfield code="r">2026-04-07 15:54:31</subfield>
    <subfield code="w">2026-04-07</subfield>
    <subfield code="y">L</subfield>
  </datafield>
</record>
